| 000 | 00887cab a2200253 4500 | ||
|---|---|---|---|
| 001 | W5594 | ||
| 008 | 090401t1993 xxu||||| |||| 00| 0 eng d | ||
| 035 | _a(Sirsi) u72288 | ||
| 041 | _aeng | ||
| 245 | _aNuisance | ||
| 260 | _c1993 | ||
| 350 | _a0 | ||
| 490 |
_aEstates Gazette Case Summaries _v1993 EGCS 141(1) 31/7/93 |
||
| 520 | _aIn "Toff v McDowel and others" ChD 20 July 1993 a claim by plaintiff against the Crown acting as freeholder in `bona vacantia` as landlord authorising noise nuisance was dismissed with a claim for damages against the first defendant occuping the ground floor being allowed. | ||
| 650 | _aBONA VACANTIA | ||
| 650 | _aCROWN | ||
| 650 | _aDAMAGES | ||
| 650 | _aFLAT CONVERSIONS | ||
| 650 | _aMAIN STRUCTURE | ||
| 650 | _aNOISE NUISANCE | ||
| 690 | _aLANDLORD AND TENANT-CASE LAW-RESIDENTIAL TENANCIES | ||
| 942 | _n0 | ||
| 948 | _c04/03/1997 | ||
| 999 |
_c45656 _d45656 |
||